| 000 | 00364nam a2200133Ia 4500 | ||
|---|---|---|---|
| 008 | 231129s1991||||xx |||||||||||||| ||spa|| | ||
| 040 | _bspa | ||
| 082 | _a616.0757 I59r | ||
| 100 | _aInstituto de Asuntos Nucleares | ||
| 245 | 0 | _aRadioprotección del paciente en medicina nuclear | |
| 260 | _c1991 | ||
| 264 | _aInstituto de Asuntos Nucleares | ||
| 942 |
_2ddc _cBKS |
||
| 999 |
_c23694 _d23694 |
||